Vikimedio Esperanto

Bibliographic Details
Main Author: Matúšov, Michal (Author)
Format: Article
Language:Esperanto
ISBN:9788089366217

MARC

LEADER 00000naa a2200000uu 4500
001 vtls011091844
003 SK-MaSNL
005 20260302110320.0
008 210824|2013 xo |||||||||||||||||epo|
015 |a SNBRA 
035 |a (urnnbn)urn:nbn:sk:snk:ar-a0cr2y 
035 |a (uuid)a7d69f04-14db-4e4d-9672-5eafdbae6603 
035 |a urn:nbn:sk:snk-aavwsf 
040 |a SNKBUCL  |b slo  |c SNKBUCL  |e AACR2 
041 0 |a epo 
044 |a xo  |c SK 
100 1 |a Matúšov, Michal  |4 aut  |9 661283 
245 1 0 |a Vikimedio Esperanto  |c Michal Matúšov 
773 0 |t Modernaj edukaj metodoj kaj teknologioj  |d Partizánske : Espero, 2013  |g S. 187-190  |z 9788089366217 
958 |a OND 
958 |a article12 
958 |a chapter 
999 |c 1242811  |d 1244741